Loading...
| History - World | 1 | 3 | 1 | 2 | 40 | 14 | 108.00 | 1 | 1 | 7.44 | 11.11 |
| Fine Arts - Other | 0 | 3 | 0 | 0 | 30 | 118 | 125.67 | 0 | 2 | 1.53 | 10.67 |
| History - European | 0 | 3 | 1 | 2 | 25 | 95 | 129.00 | 0 | 3 | 4.05 | 12.00 |
| Religion | 0 | 2 | 0 | 0 | 20 | 110 | 113.50 | 0 | 2 | 4.54 | 14.58 |
| Fine Arts - Painting and Sculpture | 0 | 2 | 0 | 2 | 20 | 146 | 154.00 | 0 | 1 | 0.13 | 7.00 |
| Mythology | 1 | 0 | 0 | 0 | 15 | 53 | 53.00 | 0 | 1 | 9.34 | 11.90 |
| Philosophy | 1 | 1 | 2 | 0 | 15 | 57 | 85.00 | 0 | 1 | 8.41 | 11.67 |
| History - Ancient | 1 | 0 | 0 | 0 | 15 | 59 | 59.00 | 0 | 1 | 59.86 | 80.00 |
| Science - Physics | 0 | 1 | 0 | 0 | 10 | 86 | 86.00 | 1 | 1 | 3.38 | 10.00 |
| History - American | 0 | 1 | 0 | 1 | 10 | 143 | 143.00 | 0 | 0 | 0.09 | 2.08 |
| History - Other | 0 | 1 | 0 | 1 | 10 | 152 | 152.00 | 0 | 1 | 0.11 | 8.33 |
| Literature - Poetry | 0 | 1 | 0 | 1 | 10 | 155 | 155.00 | 0 | 0 | 0.06 | 1.67 |
| Science - Chemistry | 0 | 1 | 0 | 1 | 10 | 152 | 152.00 | 0 | 0 | 0.07 | 1.67 |
| Science - Other | 0 | 1 | 0 | 0 | 10 | 127 | 127.00 | 0 | 1 | 0.09 | 5.56 |
| Current Events | 0 | 1 | 0 | 1 | 10 | 138 | 138.00 | 0 | 1 | 0.10 | 4.76 |
| Other Academic | 0 | 1 | 1 | 0 | 5 | 122 | 122.00 | 0 | 1 | 1.22 | 4.00 |
| Geography | 0 | 1 | 2 | 0 | 0 | 150 | 150.00 | 0 | 1 | 0.16 | 6.25 |
| Fine Arts - Classical Music | 0 | 0 | 0 | 0 | 0 | 0.00 | 0 | 0 | 0.00 | 0.00 |